[Event "2nd Irena Warakomska Memorial-A"]
[Site "Suwalki"]
[Date "2018.08.01"]
[Round "1"]
[White "Ovsejevitsch, Sergei"]
[Black "Sliwicka, Alicja"]
[Result "1-0"]
[WhiteElo "2597"]
[BlackElo "2293"]
[Annotator "TA"]
[PlyCount "61"]
[EventDate "2018.08.01"]
[EventType "swiss"]
[EventCountry "POL"]
[SourceTitle "playchess.com"]
[Source "ChessBase"]
[SourceQuality "1"]

{[%evp 21,61,17,10,9,29,27,19,15,18,30,21,23,42,47,182,63,102,82,279,270,279,277,320,309,300,288,453,457,445,444,504,510,491,381,373,374,388,409,409,409,409,406]} 1. Nf3 Nf6 2. c4 e6 3. d4 d5 4. e3 c5 5. cxd5 exd5 6. Bb5+ Bd7 7. Bxd7+ Nbxd7 8. dxc5 Nxc5 9. O-O Be7 10. Bd2 {[%cal Bc1d2,Bd2c3,Bc3e5][%mdl 32] D30: Queen's Gambit Declined: Systems without Nc3} (10. Nc3 O-O 11. b3 Nce4 12. Ne2 Qa5 13. Bb2 Ba3 14. Bxa3 Qxa3 15. Qc1 Qa6 16. Qb2 Rac8 17. Nfd4 Rc7 18. Rac1 Rfc8 19. a4 {1-0 (60) Aronian,L (2780)-Caruana,F (2805) Stavanger 2015 CBM 167 [Illingworth,M]}) 10... O-O 11. Bc3 Nfe4 {LiveBook: 22 Games} 12. Be5 {The position is equal.} Qd7 13. Nc3 {[%cal Bb1c3,Bc3e2,Be2f4][%mdl 32]} Rfd8 14. Ne2 $146 ({Predecessor:} 14. Rc1 Rac8 15. h3 Qe6 16. Qd4 f6 17. Bh2 b6 {1-0 (46) Ortega,L (2480)-Di Paolo,R (2344) Gallipoli 2017}) 14... Qb5 15. Nf4 Rac8 16. Rc1 a5 17. Nd4 Qa6 {[#]} (17... Qd7 $14) 18. Qg4 ({White should play} 18. Nf5 $1 $18 {[%cal Rf5e7]} Bf8 {[#]} 19. Bxg7 $1 {[%mdl 512]} Bxg7 20. Qg4) 18... g6 19. Nxd5 $40 {[%mdl 128] White attacks with force.} Rxd5 $2 (19... Bf8 $16 {was called for.}) 20. Qxc8+ $18 Rd8 21. Qg4 h5 22. Qe2 Nd3 23. Rc7 Bg5 (23... Re8 $142 24. Qc2 Nec5) 24. Qf3 {[%csl Gc7][%cal Rf3f7]} Nxe5 25. Qxe4 Ng4 {White must now prevent ...Qd6.} 26. Nf3 Bf6 27. Qc4 Qxc4 {White is winning.} 28. Rxc4 Bxb2 29. h3 Ne5 30. Nxe5 Bxe5 31. Rc5 {Precision: White = 66%, Black = 40%.} 1-0

[Event "2nd Irena Warakomska Memorial-A"]
[Site "Suwalki"]
[Date "2018.08.01"]
[Round "1"]
[White "Socko, Bartosz"]
[Black "Krzywda, Andrzej"]
[Result "1-0"]
[WhiteElo "2588"]
[BlackElo "2258"]
[Annotator "TA"]
[PlyCount "67"]
[EventDate "2018.08.01"]
[EventType "swiss"]
[EventCountry "POL"]
[SourceTitle "playchess.com"]
[Source "ChessBase"]
[SourceQuality "1"]

{[%evp 15,67,25,26,22,26,29,41,41,48,47,42,40,50,47,40,40,41,36,60,51,48,41,58,28,35,27,41,47,63,0,0,0,0,0,35,16,59,30,631,621,885,872,981,716,1377,670,1555,1508,29988,29989,29989,29990,29990,29988]} 1. Nf3 Nf6 2. g3 e6 3. Bg2 d5 4. d4 b5 5. a4 (5. O-O Be7 6. Nbd2 O-O 7. Ne5 Bb7 8. Nb3 a5 9. a4 b4 10. c4 bxc3 {½-½ (10) Hera,I (2620)-Piorun,K (2633) Brest 2018}) 5... b4 6. O-O {A46: 1 d4 Nf6 2 Nf3 e6: Torre, London and Colle Systems} c5 7. c4 Bb7 8. Nbd2 Nbd7 {[%cal Bb8d7,Bd7c5,Bc5e4][%mdl 32] LiveBook: 9 Games} 9. Re1 Be7 10. cxd5 exd5 11. dxc5 Nxc5 12. Nb3 O-O $146 ({Predecessor:} 12... Nce4 13. Be3 {½-½ (54) Ponfilenok,V (2428)-Nakhapetiane,P (2495) Togliatti 2011}) 13. Be3 Nce4 14. Rc1 Re8 15. Ne5 Bd6 16. Nd3 Ng4 17. Bd4 Qg5 18. Nbc5 Bc8 $1 19. Qb3 ({Worse is} 19. Nxb4 Qh6 $19) 19... Qh5 20. h3 Ngf6 21. Nxe4 Nxe4 22. Nf4 (22. Nxb4 $14 Be6 23. Na6) 22... Bxf4 $1 $11 23. gxf4 a5 24. Rc7 Ba6 25. Be5 $36 {[%mdl 2048] White is pushing.} Rad8 26. Ra7 {Hoping for Bxe4.} Re6 $2 {[%mdl 8192] [#]} (26... Bc4 $11 27. Qf3 Qxf3 28. Bxf3 Ra8) 27. Qxd5 $1 $18 {[%mdl 512]} Rde8 (27... Rxd5 28. Ra8+) 28. Qxe4 f6 29. Qf3 Qh4 30. Qg4 {[%csl Ga7][%cal Rg4g7]} Qh6 31. Bd5 Bc8 32. Rc1 {White mates.} Kh8 33. Rxc8 Rxc8 34. Bxe6 {Precision: White = 76%, Black = 55%.} 1-0

[Event "2nd Irena Warakomska Memorial-A"]
[Site "Suwalki"]
[Date "2018.08.01"]
[Round "1"]
[White "Sadzikowski, Daniel"]
[Black "Nowak, Lukasz"]
[Result "1-0"]
[WhiteElo "2575"]
[BlackElo "2280"]
[Annotator "TA"]
[PlyCount "77"]
[EventDate "2018.08.01"]
[EventType "swiss"]
[EventCountry "POL"]
[SourceTitle "playchess.com"]
[Source "ChessBase"]
[SourceQuality "1"]

{[%evp 20,77,4,6,16,16,16,11,15,-13,-14,-34,0,0,7,0,0,0,19,25,66,66,74,67,227,214,281,310,289,213,203,200,372,393,381,376,540,524,540,527,516,510,544,534,524,439,444,393,478,419,537,398,754,752,706,576,2411,2410,1231,1057]} 1. e4 e6 2. d4 d5 3. Nc3 Nf6 4. e5 Nfd7 5. f4 c5 6. Nf3 Nc6 7. Be3 Be7 8. Qd2 a6 9. Be2 b5 {[%cal Bb7b5,Bb5b4][%mdl 32] C11: French: Classical System: 4 e5 and 4 Bg5 dxe4} (9... O-O 10. O-O b5 11. Nd1 Qb6 12. c3 a5 13. Bf2 f5 14. exf6 Nxf6 15. dxc5 Bxc5 16. Bxc5 Qxc5+ 17. Qe3 Qxe3+ 18. Nxe3 {½-½ (53) Swiercz,D (2663)-Nyzhnyk,I (2605) Philadelphia 2018}) 10. a3 O-O 11. O-O {LiveBook: 144 Games} Rb8 {The position is equal.} 12. Nd1 a5 $146 ({Predecessor:} 12... b4 13. axb4 Rxb4 14. c3 Rb8 15. Bd3 f5 16. exf6 Nxf6 17. dxc5 {½-½ (33) Trygstad,K (2311)-Nakar,E (2242) Pardubice 2009}) 13. Nf2 Qc7 14. Rac1 b4 15. a4 (15. axb4 {is interesting.} axb4 16. dxc5 Nxc5 17. Rfd1 Rd8 18. Nd4) 15... cxd4 16. Nxd4 Nxd4 17. Bxd4 Nc5 18. b3 Bb7 19. Qe3 Ne4 20. Nxe4 $1 dxe4 21. c3 {[%cal Bc2c3,Bc3c4,Bc4c5,Bc5c6,Bc6c7][%mdl 32] Threatens to win with cxb4.} Qd7 $2 {[#]} ({Better is} 21... Bc6 $14) 22. Bb5 $1 $18 {[%cal Rb5d7]} Qd5 23. c4 Qd8 24. c5 Bd5 25. c6 Ra8 $2 (25... Qc7 {was necessary.} 26. g3 Rfc8) 26. c7 Qc8 27. Rc2 f6 (27... h6 $142 28. Rd1 g6) 28. exf6 Bxf6 29. Bxf6 Rxf6 30. Rfc1 Rf7 31. Rc5 h6 32. h3 Kh8 33. R5c2 Kg8 34. Kh2 Kh8 35. Rc5 Kg8 $2 (35... Bb7 36. Qd4 Qf8) 36. Bc6 {White is clearly winning.} Ra6 37. Rxd5 {Black must now prevent Rd8+.} exd5 38. Bxd5 Raf6 {[#]} 39. Bb7 $1 {[%mdl 512] Precision: White = 76%, Black = 32%.} 1-0

[Event "2nd Irena Warakomska Memorial-A"]
[Site "Suwalki"]
[Date "2018.08.01"]
[Round "1"]
[White "Markowski, Tomasz"]
[Black "Chylewski, Patryk"]
[Result "1-0"]
[WhiteElo "2562"]
[BlackElo "2270"]
[Annotator "TA"]
[PlyCount "89"]
[EventDate "2018.08.01"]
[EventType "swiss"]
[EventCountry "POL"]
[SourceTitle "playchess.com"]
[Source "ChessBase"]
[SourceQuality "1"]

{[%evp 27,89,29,26,25,39,22,22,23,31,33,33,18,18,8,14,7,29,20,75,70,78,62,122,124,190,174,209,190,182,190,188,187,178,162,160,183,179,196,170,170,167,99,181,148,229,240,239,230,214,222,256,238,251,256,365,347,441,350,506,510,910,910,815,802]} 1. d4 d5 2. Nf3 Nf6 3. g3 c6 4. Bg2 Bg4 5. O-O Nbd7 6. Nbd2 e6 7. Re1 Be7 8. e4 dxe4 9. Nxe4 Nxe4 10. Rxe4 Nf6 11. Re1 O-O 12. c3 Qb6 13. Qb3 {D02: 1 d4 d5 2 Nf3 sidelines, including 2...Nf6 3 g3 and 2...Nf6 3 Bf4} Bxf3 14. Bxf3 Rfd8 {LiveBook: 11 Games} 15. Kg2 {White has an edge.} Rac8 $146 ({Predecessor:} 15... Nd5 16. h4 Rd7 17. Bd2 Rad8 18. Rad1 h6 19. Bc1 Qxb3 20. axb3 a5 {½-½ (38) Gabuzyan,H (2614)-Sargsyan,S (2378) Yerevan 2016}) 16. Qxb6 axb6 17. a4 Nd5 18. Bd2 Ra8 19. b3 Bf6 20. Rad1 g6 21. g4 g5 22. c4 Nf4+ (22... Ne7 $11 {keeps the balance.}) 23. Bxf4 $1 $16 gxf4 24. Re4 c5 {[#]} (24... Ra5 $14) 25. d5 $1 {[%cal Bd4d5,Bd5d6][%mdl 32]} e5 (25... Kg7 $16 26. dxe6 (26. Rxf4 h6 $16) 26... Rxd1 27. Bxd1 Re8 28. Rxf4 fxe6) 26. d6 $18 Bg7 27. g5 f5 28. gxf6 $1 Bxf6 29. Bg4 Kf7 30. Kf3 Rg8 31. Ree1 Rad8 32. d7 Ke7 33. Rd5 Rg6 34. Bf5 ({Better is} 34. h3 $18) 34... Rh6 (34... Rg5 $16 {is a better defense.}) 35. h3 Bg7 (35... Rh5 $16 {keeps fighting.}) 36. Red1 Bh8 37. Ke4 Bg7 38. R1d3 Bh8 39. a5 bxa5 40. Rxc5 b6 (40... f3 {was worth a try.} 41. Rxa5 (41. Kxf3 b6 $18) 41... Rh4+ 42. Ke3 Bf6) 41. Rc8 Bg7 42. Rd1 Bf6 (42... f3 $142 43. Rg1 (43. Kxf3 Rh4 $18) 43... Rh4+ 44. Rg4 (44. Kxf3 Rf4+ 45. Ke2 Bf8 $18) 44... Bf6) 43. f3 {White is clearly winning.} Bh8 (43... Bh4 $142 44. Rd5 Kf7 45. Kxe5 Be7 46. Kxf4 Rh4+ 47. Ke3 Bg5+ 48. Kd3 Rh6) 44. Rxd8 Kxd8 45. Rg1 {Precision: White = 75%, Black = 41%.} 1-0

[Event "2nd Irena Warakomska Memorial-A"]
[Site "Suwalki"]
[Date "2018.08.01"]
[Round "1"]
[White "Czarnota, Pawel"]
[Black "Bugalski, Michal"]
[Result "1-0"]
[WhiteElo "2548"]
[BlackElo "2263"]
[Annotator "RC"]
[PlyCount "29"]
[EventDate "2018.08.01"]
[EventType "swiss"]
[EventCountry "POL"]
[SourceTitle "playchess.com"]
[Source "ChessBase"]
[SourceQuality "1"]
[TimeControl "40/5400+30:1800+30"]

1. e4 {[%emt 0:00:00]} e5 {[%emt 0:00:00]} 2. Bc4 {[%emt 0:00:58]} Nf6 {[%emt 0:04:54]} 3. d3 {[%emt 0:00:58]} c6 4. Nf3 d5 {[%emt 0:28:02]} 5. Bb3 {[%emt 0:01:36]} Bd6 {[%emt 0:05:48]} 6. O-O {[%emt 0:15:08]} d4 {[%emt 0:16:58]} 7. Nbd2 {[%emt 0:05:39]} Bg4 {[%emt 0:06:32]} 8. h3 {[%emt 0:01:51]} Bh5 {[%emt 0:00:56]} 9. g4 {[%emt 0:06:41]} Bg6 {[%emt 0:04:34]} 10. Nc4 {[%emt 0:01:47]} h5 {[%emt 0:08:04]} 11. g5 {[%emt 0:05:06]} Nh7 {[%emt 0:01:17]} 12. Ncxe5 {[%emt 0:00:12]} h4 {[%emt 0:05:40]} 13. Nxg6 {[%emt 0:04:06]} fxg6 {[%emt 0:00:02]} 14. Nxd4 {[%emt 0:01:29]} Nxg5 {[%emt 0:05:02]} 15. Qg4 {[%emt 0:00:18]} 1-0

[Event "2nd Irena Warakomska Memorial-A"]
[Site "Suwalki"]
[Date "2018.08.01"]
[Round "1"]
[White "Vetoshko, Volodymyr"]
[Black "Tomaszewski, Roman"]
[Result "1-0"]
[WhiteElo "2525"]
[BlackElo "2258"]
[Annotator "TA"]
[PlyCount "57"]
[EventDate "2018.08.01"]
[EventType "swiss"]
[EventCountry "POL"]
[SourceTitle "playchess.com"]
[Source "ChessBase"]
[SourceQuality "1"]

{[%evp 11,57,0,26,-14,0,0,0,-16,0,0,34,-18,-24,-8,-1,-20,-19,-7,0,-1,0,3,45,40,59,52,39,41,88,84,110,98,114,-34,50,63,139,141,121,118,434,437,425,400,547,527,1409,1392]} 1. e4 c6 2. d4 d5 3. e5 c5 4. dxc5 e6 5. a3 (5. Nf3 Bxc5 6. a3 Nd7 7. Bd3 f6 8. b4 Be7 9. Bb2 fxe5 10. Nxe5 Nxe5 11. Bxe5 Bf6 12. O-O Nh6 13. Bxf6 Qxf6 {1-0 (70) Jakovenko,D (2735)-Fedoseev,V (2706) Poikovsky 2018}) 5... Bxc5 6. Qg4 {B12: Caro-Kann: Advance Variation} g6 {LiveBook: 5 Games} (6... Ne7 {with more complications.} 7. Bd3 Ng6 8. Nf3 Bd7 9. Nbd2 Nc6) 7. b4 Bf8 8. Bd3 {The position is equal.} Bg7 $146 ({Predecessor:} 8... Nd7 9. Nf3 Bg7 10. Bb2 Ne7 11. O-O O-O 12. Nbd2 Qc7 {½-½ (56) Arakhamia Grant,K (2457)-Houska,J (2393) Gibraltar 2008}) 9. Qe2 a5 10. b5 f6 11. f4 (11. Nf3 $14) 11... fxe5 {And now ...e4 would win.} 12. Bb2 Qc7 {Threatens to win with ...e4.} 13. fxe5 Nd7 {[%cal Rd7e5,Bb8d7,Bd7c5,Bc5e4][%mdl 32]} 14. Nf3 Nh6 15. O-O Nf7 {[%cal Rd7e5]} 16. Re1 Nc5 17. a4 $1 O-O 18. Nbd2 b6 19. Nb3 Ne4 20. c4 Bb7 {[%cal Rg7e5]} 21. cxd5 exd5 {[%cal Rf7e5]} 22. Nbd4 (22. Rac1 $16 Qe7 23. e6 $1 {[%mdl 512]}) 22... Rfe8 ({Better is} 22... Nxe5 $15 23. Bxe4 (23. Ne6 Qe7 $15) 23... dxe4) 23. Rac1 $14 Qe7 (23... Nc5 $1 $14) 24. Nc6 $36 {[%mdl 2048] White is on the roll.} Bxc6 25. bxc6 Nxe5 $2 {[%mdl 8192]} (25... Nc5 $16 {is tougher.}) 26. Bxe5 $18 Bxe5 {[#]} 27. Qa2 $1 Kg7 28. Qxd5 Bxh2+ 29. Nxh2 {Precision: White = 62%, Black = 19%.} 1-0

[Event "2nd Irena Warakomska Memorial-A"]
[Site "Suwalki"]
[Date "2018.08.01"]
[Round "1"]
[White "Kanarek, Marcel"]
[Black "Mulet, Piotr"]
[Result "1-0"]
[WhiteElo "2518"]
[BlackElo "2238"]
[Annotator "TA"]
[PlyCount "85"]
[EventDate "2018.08.01"]
[EventType "swiss"]
[EventCountry "POL"]
[SourceTitle "playchess.com"]
[Source "ChessBase"]
[SourceQuality "1"]

{[%evp 29,85,99,133,133,118,120,117,91,98,85,80,77,75,85,171,181,174,16,62,71,280,278,404,422,409,410,356,306,449,443,543,452,445,445,660,670,629,470,1316,1089,1734,1675,1756,1581,2541,1862,1541,412,341,0,12838,12837,12838,12839,12841,12840,12840,12839]} 1. d4 {[%cal Bd2d4,Bd4d5][%mdl 32]} Nf6 2. c4 c5 3. d5 b5 4. cxb5 a6 5. bxa6 Bxa6 6. Nc3 d6 7. e4 Bxf1 8. Kxf1 g6 9. Nf3 Nbd7 10. g3 Bg7 11. Kg2 O-O 12. a4 {A59: Benko/Volga Gambit: White castles by hand} Qa5 13. Bd2 (13. Qc2 Qb4 14. Bd2 Rfb8 15. Rhb1 Qb3 16. Ne1 Ne5 17. f3 Nc4 18. Bc1 Qxc2+ 19. Nxc2 {0-1 (53) Ragger,M (2659)-Vajda,L (2588) Antalya 2017}) 13... Rfb8 14. Nb5 Qb6 15. Qc2 Ng4 {LiveBook: 3 Games} 16. h3 $146 ({Predecessor:} 16. Bc3 Nge5 17. Nxe5 Nxe5 18. f4 Ng4 19. Qe2 h5 {½-½ (41) Niermann,T (2346)-Maetzkow,M (2155) Willingen 2017}) 16... Nge5 17. Nxe5 Bxe5 18. f4 Bg7 19. Bc3 Bxc3 20. Qxc3 c4 21. Qxc4 {Black must now prevent b4.} Rc8 (21... Qe3 $16) 22. Qe2 $18 Nc5 23. Nd4 $2 (23. Rhc1 $18) 23... Nb3 24. Nc6 $1 {[%cal Rc6e7]} Rc7 $2 (24... Rxc6 $16 25. dxc6 Nxa1) 25. Ra3 Nd4 (25... e6 {was called for.} 26. a5 Nxa5) 26. Qf2 e5 27. fxe5 dxe5 28. Rf1 {[%cal Bh1f1,Bf1f2,Bf2b2][%mdl 32]} Rb8 (28... Qa6 {keeps fighting.} 29. Nxd4 exd4 30. Qxd4 Rc4) 29. a5 Qb5 30. Nxd4 exd4 31. Qxd4 Qe2+ (31... Rc4 $142 32. Qd3 Qxb2+ 33. Rf2 Qb4) 32. Rf2 Qe1 33. Rc3 Rcb7 (33... Rxc3 $142 34. Qxc3 Qxe4+ 35. Qf3 Qxf3+ 36. Kxf3 Rb3+ 37. Ke4 Rb5) 34. a6 Rxb2 {[#]} 35. Rc8+ $1 {[%mdl 512]} Rxc8 36. Rxb2 {[%mdl 4096] Endgame KQR-KQR} f6 37. a7 Kg7 38. Rb7+ (38. Rf2 $142 Kh6 39. d6) 38... Kh6 {[#] ( -> ...Rc2+)} 39. Rb2 $2 ({Only move:} 39. Qd3 $1 $18 Rc3 40. Rb1 (40. Qxc3 Qxc3 41. Rd7 Qb2+ 42. Kf3 Qc3+ 43. Kg2 Qb2+ 44. Kf3 Qc3+ 45. Ke2 Qa3 $11) 40... Rxd3 41. Rxe1) 39... Qa1 $2 {[%mdl 8192]} (39... Kg7 $11) 40. Qd2+ {White is clearly winning.} g5 41. Ra2 Qb1 42. a8=Q Qxe4+ 43. Kh2 {Precision: White = 62%, Black = 21%.} 1-0

[Event "2nd Irena Warakomska Memorial-A"]
[Site "Suwalki"]
[Date "2018.08.01"]
[Round "1"]
[White "Yevseev, Denis"]
[Black "Bukojemski, Adam"]
[Result "1/2-1/2"]
[WhiteElo "2513"]
[BlackElo "2233"]
[Annotator "RC"]
[PlyCount "53"]
[EventDate "2018.08.01"]
[EventType "swiss"]
[EventCountry "POL"]
[SourceTitle "playchess.com"]
[Source "ChessBase"]
[SourceQuality "1"]
[TimeControl "40/5400+30:1800+30"]

1. d4 {[%emt 0:00:00]} f5 {[%emt 0:00:07]} 2. Bf4 {[%emt 0:00:00]} Nf6 {[%emt 0:00:51]} 3. e3 {[%emt 0:00:01]} d6 {[%emt 0:01:11]} 4. h3 {[%emt 0:02:15]} g6 {[%emt 0:06:45]} 5. Bc4 {[%emt 0:02:13]} Bg7 {[%emt 0:00:45]} 6. Nf3 {[%emt 0:02:14]} e6 {[%emt 0:00:32]} 7. a4 {[%emt 0:03:53]} O-O {[%emt 0:05:42]} 8. Nc3 {[%emt 0:02:39]} Kh8 {[%emt 0:05:30]} 9. Qe2 {[%emt 0:01:37]} Nc6 {[%emt 0:03:13]} 10. O-O-O {[%emt 0:02:10]} Qe7 {[%emt 0:06:27]} 11. g4 {[%emt 0:16:52]} Ne4 {[%emt 0:04:53]} 12. gxf5 {[%emt 0:03:46]} Nxc3 {[%emt 0:02:21]} 13. bxc3 {[%emt 0:00:03]} Rxf5 {[%emt 0:00:58]} 14. Bd3 {[%emt 0:02:47]} Rh5 {[%emt 0:01:08]} 15. h4 {[%emt 0:06:57]} e5 {[%emt 0:03:23]} 16. Bg5 {[%emt 0:00:07]} Qf7 {[%emt 0:01:22]} 17. d5 {[%emt 0:05:10]} Na5 {[%emt 0:15:12]} 18. e4 {[%emt 0:06:04]} Bg4 {[%emt 0:12:03]} 19. Nxe5 {[%emt 0:00:09]} Bxe5 {[%emt 0:00:06]} 20. Qxg4 {[%emt 0:00:05]} Qxf2 {[%emt 0:03:09]} 21. Qd7 {[%emt 0:07:21]} Qc5 {[%emt 0:06:15]} 22. Bd8 {[%emt 0:01:22]} Nb3+ {[%emt 0:11:36]} 23. cxb3 {[%emt 0:04:02]} Qxc3+ {[%emt 0:00:18]} 24. Bc2 {[%emt 0:00:03]} Qb2+ {[%emt 0:00:33]} 25. Kd2 {[%emt 0:00:01]} Qc3+ {[%emt 0:02:56]} 26. Kc1 {[%emt 0:00:05]} Qb2+ {[%emt 0:01:29]} 27. Kd2 1/2-1/2

[Event "2nd Irena Warakomska Memorial-A"]
[Site "Suwalki"]
[Date "2018.08.01"]
[Round "1"]
[White "Gleizerov, Evgeny"]
[Black "Godzwon, Iwo"]
[Result "1-0"]
[WhiteElo "2507"]
[BlackElo "2222"]
[Annotator "TA"]
[PlyCount "135"]
[EventDate "2018.08.01"]
[EventType "swiss"]
[EventCountry "POL"]
[SourceTitle "playchess.com"]
[Source "ChessBase"]
[SourceQuality "1"]

{[%evp 19,135,2,89,78,98,70,88,-72,0,3,49,41,41,46,37,46,38,40,51,4,11,0,0,0,0,0,0,0,25,0,0,0,0,0,0,0,0,0,102,84,99,97,100,85,102,95,100,98,144,128,262,258,251,256,223,177,170,157,381,364,610,563,793,772,691,674,1116,1040,5197,3954,29951,8283,29965,29964,29967,29967,29970,29971,29971,29970,29972,29973,29973,29974,29973,29974,29974,29975,29975,29976,29976,29977,29977,29978,29978,29979,29977,29977,29971,29971,29984,29985,29985,29986,29989,29990,29990,29991,29991,29991,29992,29990,29986,29987,29995,29996,29996,635]} 1. Nf3 g6 2. e4 c5 3. d4 cxd4 4. Qxd4 Nf6 {[%cal Bg8f6,Bf6d5,Bd5b6][%mdl 32]} 5. e5 Nc6 6. Qa4 Nd5 7. Qe4 Nb6 {B27: Sicilian: 2 Nf3, unusual Black 2nd moves} 8. Nc3 Bg7 9. Bf4 O-O 10. O-O-O f6 {LiveBook: 3 Games} (10... d5 $11 {remains equal.} 11. exd6 Bf5 12. dxe7 Qxe7 13. Qxe7 Nxe7) 11. Bc4+ $16 Nxc4 12. Qxc4+ e6 $146 {[%cal Rf6e5]} ({Predecessor:} 12... Kh8 13. exf6 Bxf6 14. h4 d6 15. h5 {1-0 (24) Kudrin,S (2563)-Temple,J (1925) Stillwater 2009}) 13. Nd4 $2 (13. exf6 $16 Qxf6 14. Bd6) 13... Nxd4 (13... Nxe5 $17 14. Bxe5 d5) 14. Qxd4 $11 fxe5 (14... Qb6 {is interesting.} 15. Qxb6 axb6 16. exf6 Rxf6 17. Be3 Rf5) 15. Bxe5 Qg5+ 16. f4 Bxe5 17. fxg5 Bxd4 18. Rxd4 d5 19. Re1 Rf2 20. Rd2 Rxd2 21. Kxd2 {[%mdl 4096] Endgame KRB-KRN} Bd7 22. Kd3 Rc8 23. Kd4 Kf7 24. b3 b6 25. Re2 Rc5 26. Nd1 Ke7 $1 27. Ne3 Kd6 28. Ng4 $1 Ra5 {[#]} (28... Rc8 $11) 29. c3 $1 $16 Rc5 30. Ne5 Be8 31. Rf2 {And now Rf8 would win.} Ke7 32. Rf3 Rc7 33. Ng4 Kd6 34. Rf8 Rf7 (34... Re7 $16) 35. Rxf7 $18 Bxf7 {KB-KN} 36. h4 a6 37. Ne5 Be8 38. c4 a5 $2 (38... Bc6 $16) 39. cxd5 exd5 $2 {[#]} (39... b5 40. Ng4 Bd7 41. dxe6 Bxe6) 40. Ng4 $1 {[%cal Rg4f6]} Bd7 41. Nf6 $1 {[%csl LRd5,LRh7]} Bf5 42. Nxh7 b5 43. a3 b4 44. axb4 axb4 45. Nf6 Bc2 46. Nxd5 {White mates.} Bxb3 47. Nxb4 Ke6 48. Ke4 Bd1 49. Kf4 Be2 50. Nc6 Kf7 51. Ne5+ Kg7 52. Ke3 Bd1 53. Kd4 Bc2 54. Kd5 Bb3+ 55. Kd6 Bc2 56. Ke7 Bd1 57. Nd7 Bc2 58. Nc5 Bf5 59. Ne6+ Kh7 60. Kf6 Kg8 61. Nf4 Kh7 62. h5 {[%cal Bh4h5,Bh5g6,Bg6g7][%mdl 32]} Be4 63. hxg6+ Kg8 64. g3 Bc2 65. Nd5 Bb3 66. Ne7+ Kh8 67. g7+ Kh7 68. g6+ {Precision: White = 81%, Black = 34%.} (68. g4 $142 Bf7 69. g6+ Bxg6 70. g8=Q+ Kh6 71. Qxg6#) 1-0

[Event "2nd Irena Warakomska Memorial-A"]
[Site "Suwalki"]
[Date "2018.08.01"]
[Round "1"]
[White "Leniart, Arkadiusz"]
[Black "Sliwicki, Damian"]
[Result "1/2-1/2"]
[WhiteElo "2498"]
[BlackElo "2220"]
[Annotator "TA"]
[PlyCount "133"]
[EventDate "2018.08.01"]
[EventType "swiss"]
[EventCountry "POL"]
[SourceTitle "playchess.com"]
[Source "ChessBase"]
[SourceQuality "1"]

{[%evp 16,133,17,0,13,18,23,16,15,13,13,10,32,0,2,2,3,8,8,0,49,64,66,73,95,92,105,100,124,123,116,109,93,104,86,76,83,77,76,39,94,92,92,93,127,117,161,66,67,5,0,0,8,4,33,33,80,80,80,70,72,8,8,0,0,0,0,0,0,0,0,0,0,0,0,0,0,0,0,0,0,0,0,0,0,0,0,0,0,0,0,0,0,0,0,0,0,0,0,0,0,0,0,0,0,0,0,0,0,0,0,0,0,0,0,0,0,0,0,0]} 1. d4 d5 2. c4 e6 3. Nc3 Nf6 4. cxd5 exd5 5. Bg5 Bb4 6. e3 h6 7. Bxf6 {D35: Damengambit (Abtauschvariante)} (7. Bh4 g5 8. Bg3 Ne4 9. Qb3 c5 10. Bd3 Nc6 11. Bxe4 dxe4 12. d5 Na5 13. Qa4+ Qd7 14. Qxd7+ Bxd7 15. Nge2 {½-½ (29) Ding,L (2772)-Lodici,L (2407) Antalya 2017}) 7... Qxf6 8. Qa4+ Nc6 9. Bb5 {[#] LiveBook: 6 Partien. Und weiter mit Dxb4 wäre nett.} Bxc3+ (9... a5 {seems wilder.} 10. Nf3 O-O 11. a3 Bxc3+ 12. bxc3 Ne7) 10. bxc3 Bd7 11. Ne2 {[%cal Bg1e2,Be2f4,Bf4d3][%mdl 32]} O-O 12. Nf4 $146 ({Vorgänger:} 12. O-O a6 13. Bd3 Bf5 14. Bxf5 Qxf5 {1-0 (42) Hicker,H (1979)-Gradinger,A (1814) Spitz an der Donau 2017}) 12... Qd6 13. O-O Rad8 14. Rab1 g5 15. Nd3 {Weiss will Sc5 spielen.} a6 16. Bxc6 $1 Bxc6 17. Qc2 Bb5 18. a4 Bxd3 19. Qxd3 b6 20. c4 ({Natürlich nicht} 20. Qxa6 $6 Ra8 $11) 20... dxc4 21. Qxc4 a5 22. Rfc1 Rd7 23. Qb5 Kg7 24. Rc6 Qe7 25. Qf5 Rd6 26. Rc4 Rfd8 27. h3 R8d7 (27... Rd5 $14 28. Qc2 c5) 28. Rbc1 Rf6 29. Qc2 {[%cal Rc4c7]} Qa3 30. e4 ({Bitte nicht} 30. Rxc7 $6 Rxc7 31. Qxc7 Qxa4 $11) 30... c6 31. Rd1 ({Schwächer ist} 31. Rxc6 Rxc6 32. Qxc6 Rxd4 $15) (31. Rb1 $18) 31... b5 $14 32. Rc3 ({Günstiger ist} 32. axb5 $14 cxb5 33. Rc5) 32... Qxa4 $11 33. Qxa4 bxa4 {[%mdl 4096] Endspiel KTT-KTT} 34. Ra3 Rfd6 35. Rxa4 f5 36. exf5 c5 {[%cal Rd6d4]} 37. Rxa5 Rxd4 38. Rxd4 (38. Re1 $16) 38... cxd4 $16 {KT-KT. Die Stellung ist ausgeglichen.} 39. Kf1 d3 $1 {[%cal Rd3d2]} 40. Ke1 Re7+ 41. Kd2 Re2+ 42. Kxd3 Rxf2 43. Ra7+ Kf6 44. g4 Rf3+ 45. Ke4 Rxh3 46. Ra6+ Kg7 47. Ra4 Kf6 48. Rd4 Rh1 49. Rd6+ Kf7 50. Ra6 Rh3 51. Rb6 Kg7 52. Ke5 {[#] Droht stark Tb7+.} Re3+ 53. Kd4 Rh3 54. Kd5 Rd3+ 55. Ke6 {Droht Tb7+ und aus.} Re3+ $1 56. Kd7 Re4 57. Re6 Rxg4 {...Tf4 ist eine echte Drohung.} 58. Ke7 {zielt auf f6+ ab.} Rf4 59. Rg6+ Kh7 60. Kf6 {Schwarz muss nun Tg7+ beachten.} g4 61. Rg7+ Kh8 62. Rg6 Kh7 63. Rg7+ Kh8 64. Ra7 {Droht Matt per Kg6.} g3 65. Ra8+ Kh7 66. Ra7+ Kh8 67. Ra8+ {Precision: Weiß = 53%, Schwarz = 67%.} 1/2-1/2